Language Quiz

Random Language Quiz

Missing repeated letters A-Z Quiz Stats

 Plays Quiz not verified by Sporcle

Score 0/26 Timer 02:00
0 Plays Today
% Correct
E
70.4%
Y
70.4%
I
66.7%
Z
66.7%
Q
63%
A
59.3%
X
59.3%
G
51.9%
N
51.9%
T
51.9%
F
44.4%
S
44.4%
P
40.7%
% Correct
O
33.3%
K
29.6%
D
25.9%
L
25.9%
B
22.2%
C
22.2%
H
22.2%
U
18.5%
V
18.5%
J
14.8%
M
14.8%
R
14.8%
W
7.4%

You're not logged in!

Compare scores with friends on all Sporcle quizzes.
OR
Log In

You Might Also Like...

Show Comments

Extras

Created Feb 19, 2014SourceReportNominate
Tags:missing letters

Top Quizzes Today


Score Distribution

Your Account Isn't Verified!

In order to create a playlist on Sporcle, you need to verify the email address you used during registration. Go to your Sporcle Settings to finish the process.

Report this User

Report this user for behavior that violates our Community Guidelines.

Details: